000164855 001__ 164855
000164855 005__ 20251203145555.0
000164855 037__ $$aTAZ-TFG-2025-2644
000164855 041__ $$aspa
000164855 1001_ $$aCastel Solanellas, Martina
000164855 24200 $$aPrison as an institution of social control: a literature review from critical and feminist criminology
000164855 24500 $$aLa prisión como institución de control social: una revisión bibliográfica desde la criminología crítica y feminista
000164855 260__ $$aZaragoza$$bUniversidad de Zaragoza$$c2025
000164855 506__ $$aby-nc-sa$$bCreative Commons$$c3.0$$uhttp://creativecommons.org/licenses/by-nc-sa/3.0/
000164855 520__ $$aEl trabajo comienza desarrollando un marco teórico en el que se realiza un análisis crítico del sistema<br />penitenciario como institución de control social, y se observa su función como una herramienta de poder<br />orientada al castigo, el control y la exclusión social. En el siguiente apartado, titulado “Aportaciones<br />feministas en la criminología crítica”, se profundiza en los trabajos realizados desde una perspectiva<br />feminista, los cuales buscan visibilizar las formas en que el sistema penal afecta de manera diferenciada a<br />las mujeres, especialmente aquellas con trayectorias previas de violencia y exclusión. Después, el trabajo se<br />adentra en esta perspectiva feminista, y, a la luz de otras contribuciones, explora el papel revictimizador<br />que el sistema de justicia desenvuelve en las trayectorias de estas mujeres, víctimas de algún tipo de<br />violencia o exclusión. En una última parte, se presentan algunas alternativas a la pena de prisión impulsadas<br />por la criminología feminista. Finalmente se desarrollan las conclusiones del trabajo.<br /><br />
000164855 521__ $$aGraduado en Trabajo Social
000164855 540__ $$aDerechos regulados por licencia Creative Commons
000164855 691__ $$a5 10
000164855 692__ $$aSe trata de explorar a través de un análisis documental, cómo la prisión reproduce desigualdades sociales. Además se explora desde un punto una perspectiva feminista que busca reducir las desigualdades de género.
000164855 700__ $$aHereza Modrego, David$$edir.
000164855 7102_ $$aUniversidad de Zaragoza$$bUnidad Predepartamental de Filosofía$$c
000164855 8560_ $$f774391@celes.unizar.es
000164855 8564_ $$s876770$$uhttps://zaguan.unizar.es/record/164855/files/TAZ-TFG-2025-2644.pdf$$yMemoria (spa)
000164855 909CO $$ooai:zaguan.unizar.es:164855$$pdriver$$ptrabajos-fin-grado
000164855 950__ $$a
000164855 951__ $$adeposita:2025-12-03
000164855 980__ $$aTAZ$$bTFG$$cSOCIZ
000164855 999__ $$a20250613135947.CREATION_DATE